| 000 | 01344cam a2200277 4500 | ||
|---|---|---|---|
| 008 | 020722n2001 000 0 eng u | ||
| 020 | _a1902771192 | ||
| 035 | _a(Sirsi) u118982 | ||
| 041 | _aeng. | ||
| 050 | _a690.241 | ||
| 100 |
_aPearson, S. _xEditor |
||
| 245 | _aVernacular buildings in a changing world: understanding, recording and conservation | ||
| 260 |
_aYork _bCouncil for British Archaeology _c2001 |
||
| 300 |
_axiv,151p. _bill. _c31cm. |
||
| 350 | _a17.50 | ||
| 490 |
_aCBA Research Report _v126 |
||
| 520 | _aFocuses on the theories and practice for analysing and recording the vast range of small historic buildings that constitute the core element of Britain's built landscape. Examines what has been done and what still needs to be achieved to preserve and understand our architectural heritage. Serves as both a practical guide to existing conservation procedures and methods of historic building research, and a call for better understanding and recording of our threatened architectural landscape. | ||
| 650 | _aHISTORIC BUILDINGS | ||
| 650 | _aDOMESTIC BUILDINGS | ||
| 650 | _aVERNACULAR BUILDINGS | ||
| 650 | _aCONSERVATION TECHNIQUES | ||
| 650 | _aRESEARCH METHODS | ||
| 690 | _aBUILT ENVIRONMENT-BUILDING MAINTENANCE AND REFURBISHMENT-BUILDING CONSERVATION | ||
| 700 | _aMeeson, B. | ||
| 942 | _n0 | ||
| 999 |
_c102228 _d102228 |
||